My Chemical Romance - Honey, This mirror Isn't Big Enough - Statistics

General Stats
  • This quiz has been taken 33 times
  • The average score is 297 of 398
Answer Stats
Hint Answer % Correct
a
100%
I
100%
pills
95%
1 The
95%
the
95%
amount
90%
And
90%
booze
90%
I'm
90%
in
90%
of
90%
taking
90%
baby
85%
counteracts
85%
drinking
85%
let
85%
Let
85%
me
85%
to
85%
want
85%
you
85%
You
85%
all
80%
brother
80%
can
80%
don't
80%
friends
80%
keep
80%
much
80%
my
80%
not
80%
working
80%
yourself
80%
can't
75%
care
75%
cry
75%
how
75%
it
75%
like
75%
Oh
75%
out
75%
say
75%
this
75%
This
75%
We're
75%
we're
75%
words
75%
hard
70%
invest
70%
Lets
70%
life
70%
live
70%
stay
70%
With
70%
with
70%
find
65%
well
65%
Well
65%
fuck
60%
making
60%
I've
55%
touch
55%
vanity
55%
mistaken
50%
taken
50%
that
50%
breaking
45%
hope
45%
make
45%
seen
45%
shaken
45%
time
45%
choose
40%
faking
40%
I'll
40%
it's
40%
mean
40%
won't
40%
beauty
35%
from
35%
mind
35%
Never
35%
never
35%
times
35%
choices
30%
waking
25%
Yeah
25%
again
20%
By
20%
get
20%
heard
20%
little
20%
news
15%
ay
10%
Because
10%
No matching quizzes found
Score Distribution
Percent of People with Each Score
Percentile by Number Answered
Your Score History
You have not taken this quiz